Οικογενειακές επιχειρήσεις
Αποθηκεύτηκε σε:
| Κύριος συγγραφέας: | |
|---|---|
| Μορφή: | Βιβλίο |
| Γλώσσα: | Greek |
| Δημοσίευση: |
Θεσσαλονίκη:
Τζιόλας,
c2022.
|
| Θέματα: | |
| Ετικέτες: |
Προσθήκη ετικέτας
Δεν υπάρχουν, Καταχωρήστε ετικέτα πρώτοι!
|
MARC
| LEADER | 00000cam a2200000 a 4500 | ||
|---|---|---|---|
| 001 | 1/125231 | ||
| 008 | 220720t2022####gr | ||| |||| ||gre|| | ||
| 020 | |a 9789604189229 |q (σκληρό εξώφυλλο) | ||
| 040 | |a GR-MyUa |b gre |c GR-MyUa |e AACR2 | ||
| 041 | 0 | |a gre | |
| 082 | 7 | |a 658.045 |2 (23) | |
| 100 | 1 | |a Κίνιας, Ιωάννης Γ. |e aut | |
| 245 | 1 | 2 | |a Οικογενειακές επιχειρήσεις/ |c Ιωάννης Κίνιας. |
| 260 | |a Θεσσαλονίκη: |b Τζιόλας, |c c2022. | ||
| 300 | |a xii, 340 σ. : |b διαγρ., εικ., πίν., φωτ. ; |c 25 εκ. | ||
| 504 | |a Περιλαμβάνει βιβλιογραφία, γλωσσάρι και ευρετήριο. | ||
| 650 | 0 | |a Family-owned business enterprises. | |
| 852 | |a INST |b CHIOS |c EUDOXUS |e 20220720 |h 658.045 ΚΙΝ |p 005200040642 |q 005200040642 |t EDX |y 0 | ||
| 852 | |a INST |b CHIOS |c EUDOXUS |e 20220720 |h 658.045 ΚΙΝ |p 005200040643 |q 005200040643 |t EDX |y 0 | ||
| 920 | |a Εύδοξος |b Παραγγελία |y Χίος-ΤΔΕ |z 2022-05 | ||
| 970 | |a Παροικάκη |b Βασιλική |z 20/07/22 | ||